000
00224nam a2200097Ia 4500
008
240331s9999 xx 000 0 und d
082
_b
SAM
100
_a
Samuel, K
245
0
_a
Women's rights watch year report 1999
942
_c
L
999
_c
1849
_d
1849